000 00946nam a2200265Ia 4500
003 OSt
005 20221005111436.0
006 a|||||r|||| 00| 0
007 ta
008 221004b |||||||| |||| 00| 0 hin d
020 _a8170556430 (hbk)
_c100
024 _a97263
037 _b571, 23/03/2009, Vani Prakashan
_cTextual
040 _aCRL
_cCRL
_bhin
041 _2hin
_ahin
082 _aY15z7, 152N9
100 _aराजकिशोर, संपा.
245 0 _aस्त्री, परंपरा और आधुनिकता
246 _aStrī, paranparā aur ādhunikatā
260 _aनई दिल्ली
_bवाणी प्रकाशन भारत
_c1999
300 _a171पृ0
_ccm.
490 _aआज के प्रश्न; 14
942 _hY15z7, 152N9
_cTEXL
_2cc
999 _c1021849
_d1021849